[Event "Women's Baku Chess Olympiad"]
[Site "chess24.com"]
[Date "2016.09.03"]
[Round "2"]
[White "Begum, Ghazala"]
[Black "O`Gorman, Alice"]
[Result "0-1"]
[Board "1"]
[WhiteID "7800711"]
[WhiteElo "1668"]
[WhiteTitle "WCM"]
[WhiteCountry "PAK"]
[WhiteFideId "7800711"]
[WhiteEloChange "-7"]
[BlackID "2508214"]
[BlackElo "1781"]
[BlackCountry "IRL"]
[BlackFideId "2508214"]
[BlackEloChange "7"]

1. c4 {[%clk 1:30:53]} e5 {[%clk 1:30:45]} 2. Nc3 {[%clk 1:31:13]} Nf6 {[%clk
1:30:59]} 3. g3 {[%clk 1:31:36]} Bb4 {[%clk 1:29:25]} 4. Bg2 {[%clk 1:30:49]} c6
{[%clk 1:27:14]} 5. Qc2 {[%clk 1:29:30]} O-O {[%clk 1:24:02]} 6. Nf3 {[%clk
1:29:53]} Re8 {[%clk 1:23:08]} 7. O-O {[%clk 1:28:58]} d5 {[%clk 1:21:04]} 8.
cxd5 {[%clk 1:28:45]} cxd5 {[%clk 1:20:59]} 9. a3 {[%clk 1:28:15]} Bxc3 {[%clk
1:19:10]} 10. bxc3 {[%clk 1:27:42]} Nc6 {[%clk 1:15:32]} 11. d3 {[%clk 1:27:28]}
b6 {[%clk 1:07:54]} 12. c4 {[%clk 1:26:37]} Bb7 {[%clk 1:04:25]} 13. Bb2 {[%clk
1:24:03]} Rc8 {[%clk 1:00:49]} 14. cxd5 {[%clk 1:22:50]} Nxd5 {[%clk 0:58:12]}
15. Qd2 {[%clk 1:21:48]} Rc7 {[%clk 0:42:47]} 16. Rac1 {[%clk 1:21:44]} f6 {[%clk
0:38:23]} 17. Rc2 {[%clk 1:21:27]} Na5 {[%clk 0:35:55]} 18. Rxc7 {[%clk 1:21:49]}
Qxc7 {[%clk 0:35:51]} 19. Rc1 {[%clk 1:21:01]} Qd7 {[%clk 0:34:58]} 20. Qd1
{[%clk 1:20:31]} Rc8 {[%clk 0:30:56]} 21. Nd2 {[%clk 1:20:07]} Ne7 {[%clk
0:26:59]} 22. Nb3 {[%clk 1:17:11]} Bxg2 {[%clk 0:24:51]} 23. Nxa5 {[%clk
1:17:19]} bxa5 {[%clk 0:24:06]} 24. Kxg2 {[%clk 1:17:42]} Qb7+ {[%clk 0:24:17]}
25. e4 {[%clk 1:17:46]} Qxb2 {[%clk 0:21:57]} 26. Rxc8+ {[%clk 1:18:12]} Nxc8
{[%clk 0:22:12]} 27. Qa4 {[%clk 1:18:34]} Nd6 {[%clk 0:20:18]} 28. Qxa5 {[%clk
1:18:00]} Qb6 {[%clk 0:19:20]} 29. Qd5+ {[%clk 1:18:09]} Kf8 {[%clk 0:18:48]} 30.
Qa8+ {[%clk 1:17:14]} Kf7 {[%clk 0:16:48]} 31. Qd5+ {[%clk 1:17:40]} Kg6 {[%clk
0:12:52]} 32. Qe6 {[%clk 1:17:18]} h6 {[%clk 0:11:42]} 33. h4 {[%clk 1:16:44]}
Qd4 {[%clk 0:09:29]} 34. Qg4+ {[%clk 1:16:12]} Kh7 {[%clk 0:08:34]} 35. Qf3
{[%clk 1:15:52]} Qa4 {[%clk 0:07:50]} 36. h5 {[%clk 1:15:46]} Qxa3 {[%clk
0:07:22]} 37. Kh3 {[%clk 1:15:15]} Qb3 {[%clk 0:05:59]} 38. Qe3 {[%clk 1:15:20]}
a5 {[%clk 0:05:08]} 39. Qd2 {[%clk 1:15:00]} a4 {[%clk 0:04:31]} 40. f3 {[%clk
1:45:23]} a3 {[%clk 0:33:50]} 41. d4 {[%clk 1:45:43]} a2 {[%clk 0:33:15]} 42.
dxe5 {[%clk 1:46:11]} a1Q {[%clk 0:32:50]} 43. exd6 {[%clk 1:46:37]} Qh1+ {[%clk
0:32:42]} 44. Qh2 {[%clk 1:46:16]} Qe6+ {[%clk 0:32:56]} 45. g4 {[%clk 1:46:09]}
Qxh2+ {[%clk 0:33:21]} 46. Kxh2 {[%clk 1:46:37]} Qxd6+ {[%clk 0:33:13]} 47. Kg2
{[%clk 1:47:06]} g6 {[%clk 0:33:19]} 48. hxg6+ {[%clk 1:47:17]} Kxg6 {[%clk
0:33:38]} 49. Kh3 {[%clk 1:46:27]} Kg5 {[%clk 0:33:38]} 50. Kg2 {[%clk 1:46:27]}
Kf4 {[%clk 0:33:38]} 51. Kh3 {[%clk 1:46:27]} Kxf3 {[%clk 0:33:38]} 52. e5 {[%clk
1:46:27]} Qxe5 {[%clk 0:33:38]} 53. g5 {[%clk 1:46:27]} Qg3# {[%clk 0:33:38]} 0-1

[Event "Women's Baku Chess Olympiad"]
[Site "chess24.com"]
[Date "2016.09.03"]
[Round "2"]
[White "Kabamba Mulwale Bwalya"]
[Black "Ibtihal Mohammed"]
[Result "0-1"]
[Board "3"]
[WhiteID "8706077"]
[WhiteElo "1683"]
[WhiteCountry "ZAM"]
[WhiteFideId "8706077"]
[WhiteEloChange "-15"]
[BlackID "12201529"]
[BlackElo "1479"]
[BlackCountry "SUD"]
[BlackFideId "12201529"]
[BlackEloChange "15"]

1. d4 {[%clk 1:30:58]} d5 {[%clk 1:30:53]} 2. Nf3 {[%clk 1:31:21]} Bf5 {[%clk
1:30:35]} 3. Bf4 {[%clk 1:31:47]} Nc6 {[%clk 1:30:16]} 4. c3 {[%clk 1:31:06]} Nf6
{[%clk 1:29:31]} 5. e3 {[%clk 1:30:47]} a6 {[%clk 1:28:57]} 6. Be2 {[%clk
1:29:49]} e6 {[%clk 1:29:20]} 7. h3 {[%clk 1:29:36]} Be7 {[%clk 1:24:37]} 8. O-O
{[%clk 1:29:19]} h6 {[%clk 1:24:44]} 9. Nbd2 {[%clk 1:27:42]} O-O {[%clk
1:25:01]} 10. Re1 {[%clk 1:21:00]} Na7 {[%clk 1:23:18]} 11. Qb3 {[%clk 1:16:45]}
b5 {[%clk 1:15:37]} 12. a3 {[%clk 1:10:15]} Nc8 {[%clk 1:07:28]} 13. Rec1 {[%clk
1:08:37]} Bd6 {[%clk 0:58:43]} 14. Bxd6 {[%clk 1:08:06]} Nxd6 {[%clk 0:56:24]}
15. Qd1 {[%clk 1:07:47]} Qe7 {[%clk 0:50:36]} 16. b4 {[%clk 1:06:36]} Nfe4 {[%clk
0:46:56]} 17. Nxe4 {[%clk 1:06:41]} Nxe4 {[%clk 0:45:58]} 18. Bd3 {[%clk
0:53:28]} Nd6 {[%clk 0:42:11]} 19. Bxf5 {[%clk 0:51:08]} Nxf5 {[%clk 0:37:04]}
20. Qe2 {[%clk 0:51:05]} Nd6 {[%clk 0:36:44]} 21. Nd2 {[%clk 0:51:18]} f6 {[%clk
0:35:16]} 22. Qd3 {[%clk 0:44:50]} Qf7 {[%clk 0:33:35]} 23. Rf1 {[%clk 0:42:46]}
c6 {[%clk 0:33:09]} 24. f3 {[%clk 0:42:31]} f5 {[%clk 0:32:17]} 25. Qe2 {[%clk
0:34:54]} Qf6 {[%clk 0:26:11]} 26. f4 {[%clk 0:32:13]} Kf7 {[%clk 0:24:23]} 27.
a4 {[%clk 0:31:29]} Ke7 {[%clk 0:22:59]} 28. Nf3 {[%clk 0:30:56]} Ne4 {[%clk
0:22:10]} 29. Qe1 {[%clk 0:30:10]} g5 {[%clk 0:19:30]} 30. Ne5 {[%clk 0:29:16]}
Kd6 {[%clk 0:17:46]} 31. Rf3 {[%clk 0:23:29]} Rg8 {[%clk 0:15:21]} 32. Kh2 {[%clk
0:17:50]} gxf4 {[%clk 0:12:08]} 33. exf4 {[%clk 0:17:19]} Qg7 {[%clk 0:10:41]}
34. Ra2 {[%clk 0:16:53]} bxa4 {[%clk 0:10:34]} 35. Qh4 {[%clk 0:13:58]} a5 {[%clk
0:07:59]} 36. Qxh6 {[%clk 0:13:05]} axb4 {[%clk 0:06:18]} 37. Qxg7 {[%clk
0:12:20]} Rxg7 {[%clk 0:05:57]} 38. cxb4 {[%clk 0:12:07]} Rb7 {[%clk 0:04:56]}
39. Nd3 {[%clk 0:08:04]} Nc3 {[%clk 0:02:11]} 40. Ra3 {[%clk 0:37:48]} Nb5 {[%clk
0:32:24]} 41. Nc5 {[%clk 0:37:46]} Rba7 {[%clk 0:31:28]} 42. Rad3 {[%clk
0:36:33]} a3 {[%clk 0:31:15]} 43. Rfe3 {[%clk 0:36:41]} a2 {[%clk 0:30:42]} 44.
Rxe6+ {[%clk 0:36:02]} Kc7 {[%clk 0:30:33]} 45. Nb3 {[%clk 0:34:57]} a1Q {[%clk
0:30:17]} 46. Nxa1 {[%clk 0:35:09]} Rxa1 {[%clk 0:30:40]} 47. g4 {[%clk 0:34:10]}
fxg4 {[%clk 0:30:25]} 48. hxg4 {[%clk 0:34:32]} R8a2+ {[%clk 0:28:11]} 49. Kg3
{[%clk 0:34:28]} Ra3 {[%clk 0:28:09]} 50. Ree3 {[%clk 0:34:34]} Rxd3 {[%clk
0:26:26]} 51. Rxd3 {[%clk 0:35:01]} Rb1 {[%clk 0:25:51]} 52. f5 {[%clk 0:35:15]}
Rxb4 {[%clk 0:26:04]} 53. f6 {[%clk 0:35:04]} Kd7 {[%clk 0:24:47]} 54. Re3 {[%clk
0:34:36]} Nxd4 {[%clk 0:24:09]} 55. Re7+ {[%clk 0:33:53]} Kd8 {[%clk 0:24:21]}
56. Kf4 {[%clk 0:34:07]} Ne6+ {[%clk 0:24:03]} 57. Kf5 {[%clk 0:33:33]} Nf8
{[%clk 0:22:04]} 58. g5 {[%clk 0:33:17]} d4 {[%clk 0:22:21]} 59. Re1 {[%clk
0:33:25]} d3 {[%clk 0:22:16]} 60. f7 {[%clk 0:25:34]} d2 {[%clk 0:21:52]} 61. Rd1
{[%clk 0:25:30]} Rd4 {[%clk 0:22:17]} 62. Kf6 {[%clk 0:23:53]} c5 {[%clk
0:17:40]} 63. Kg7 {[%clk 0:24:06]} Ne6+ {[%clk 0:17:10]} 64. Kf6 {[%clk 0:24:14]}
Nf8 {[%clk 0:17:14]} 65. g6 {[%clk 0:24:13]} 0-1

[Event "Women's Baku Chess Olympiad"]
[Site "chess24.com"]
[Date "2016.09.03"]
[Round "2"]
[White "Aleksandrova, Aleksandra"]
[Black "Shipindo, Rauha"]
[Result "1-0"]
[Board "2"]
[WhiteID "4144198"]
[WhiteElo "1848"]
[WhiteTitle "WFM"]
[WhiteCountry "ISR"]
[WhiteFideId "4144198"]
[WhiteEloChange "4"]
[BlackID "15200493"]
[BlackElo "1621"]
[BlackCountry "NAM"]
[BlackFideId "15200493"]
[BlackEloChange "-4"]

1. d4 {[%clk 1:30:55]} d5 {[%clk 1:30:40]} 2. Nd2 {[%clk 1:30:51]} g6 {[%clk
1:29:52]} 3. e4 {[%clk 1:30:37]} e6 {[%clk 1:28:44]} 4. Ngf3 {[%clk 1:30:02]} Bg7
{[%clk 1:28:38]} 5. c3 {[%clk 1:30:01]} Qe7 {[%clk 1:28:38]} 6. Bd3 {[%clk
1:27:32]} dxe4 {[%clk 1:26:40]} 7. Nxe4 {[%clk 1:26:00]} Nf6 {[%clk 1:26:20]} 8.
Bg5 {[%clk 1:21:47]} h6 {[%clk 1:24:33]} 9. Bh4 {[%clk 1:19:05]} Nbd7 {[%clk
1:20:28]} 10. Bg3 {[%clk 1:03:23]} Nxe4 {[%clk 1:16:54]} 11. Bxe4 {[%clk
1:03:50]} Nf6 {[%clk 1:16:35]} 12. Bd3 {[%clk 1:03:12]} O-O {[%clk 1:09:09]} 13.
O-O {[%clk 1:02:31]} c5 {[%clk 1:08:35]} 14. dxc5 {[%clk 0:51:29]} Qxc5 {[%clk
1:08:18]} 15. Bc2 {[%clk 0:51:33]} Qb6 {[%clk 1:02:48]} 16. Rb1 {[%clk 0:45:04]}
Nh5 {[%clk 0:57:36]} 17. Be5 {[%clk 0:44:57]} Rd8 {[%clk 0:50:42]} 18. Qe2 {[%clk
0:41:58]} Qa5 {[%clk 0:45:49]} 19. Rfd1 {[%clk 0:30:31]} Bd7 {[%clk 0:32:51]} 20.
Bxg7 {[%clk 0:19:48]} Kxg7 {[%clk 0:32:19]} 21. Qe5+ {[%clk 0:19:01]} Qxe5 {[%clk
0:32:35]} 22. Nxe5 {[%clk 0:19:30]} Bb5 {[%clk 0:32:15]} 23. c4 {[%clk 0:18:56]}
Be8 {[%clk 0:30:53]} 24. Be4 {[%clk 0:18:44]} Rxd1+ {[%clk 0:28:47]} 25. Rxd1
{[%clk 0:19:11]} Rb8 {[%clk 0:28:56]} 26. c5 {[%clk 0:17:37]} f6 {[%clk 0:26:35]}
27. Nc4 {[%clk 0:17:26]} f5 {[%clk 0:25:58]} 28. Bf3 {[%clk 0:16:51]} Nf6 {[%clk
0:25:17]} 29. Re1 {[%clk 0:10:13]} Rc8 {[%clk 0:14:26]} 30. b4 {[%clk 0:09:34]}
Bc6 {[%clk 0:11:17]} 31. Nd6 {[%clk 0:07:13]} Rc7 {[%clk 0:09:36]} 32. Bxc6
{[%clk 0:06:51]} bxc6 {[%clk 0:09:34]} 33. Rxe6 {[%clk 0:07:19]} Rd7 {[%clk
0:08:23]} 34. Kf1 {[%clk 0:05:20]} Nd5 {[%clk 0:07:07]} 35. a3 {[%clk 0:05:25]}
h5 {[%clk 0:07:23]} 36. g3 {[%clk 0:04:29]} a6 {[%clk 0:07:32]} 37. h4 {[%clk
0:03:56]} Nc7 {[%clk 0:07:33]} 38. Re3 {[%clk 0:03:02]} Kf6 {[%clk 0:07:16]} 39.
Rd3 {[%clk 0:01:35]} Nd5 {[%clk 0:05:24]} 40. Nc4 {[%clk 0:31:13]} Re7 {[%clk
0:33:51]} 41. Ne3 {[%clk 0:29:15]} Ke6 {[%clk 0:29:09]} 42. Nxd5 {[%clk 0:28:28]}
cxd5 {[%clk 0:29:36]} 43. Re3+ {[%clk 0:28:42]} Kd7 {[%clk 0:29:53]} 44. Rxe7+
{[%clk 0:28:38]} Kxe7 {[%clk 0:30:18]} 45. Ke2 {[%clk 0:28:56]} Kd7 {[%clk
0:30:42]} 46. Kd3 {[%clk 0:29:14]} Kc6 {[%clk 0:31:06]} 47. Kd4 {[%clk 0:29:29]}
Kb5 {[%clk 0:25:23]} 48. Kxd5 {[%clk 0:29:47]} Ka4 {[%clk 0:25:43]} 49. Kc4
{[%clk 0:30:06]} Kxa3 {[%clk 0:26:01]} 50. c6 {[%clk 0:30:30]} Ka4 {[%clk
0:26:01]} 51. c7 {[%clk 0:30:47]} a5 {[%clk 0:26:25]} 52. c8Q {[%clk 0:30:40]}
1-0